LEADER 01117nam a2200277 u 4500 001 000000088852 003 CaOOAMICUS 005 20070226124545.0 008 051107s1982 it u000 u ita u 035 $a11067172 040 $aPUL(R)$bita 041 1 $aita$hfre 100 1 $aLiégé, Pierre André.$0(OLS)http://pul/name/44450 240 10$aPour mieux comprendre l'eucharistie.$lItaliano.$0(OLS)http://pul/title/114786 245 10$aQuattro catechesi su l'eucaristia /$cP.A. Liégé. 260 $aBologna :$bDehoniane,$cc1982. 300 $a110 p. ;$c18 cm 490 1 $aEducatori e catechisti 504 $aInclude riferimenti bibliografici. 650 4$aCatechesi$xStoria.$0(OLS)http://pul/subject/20999 830 0$aEducatori e catechisti.$0(OLS)http://pul/title/63414 850 $aPUL 852 $aPUL$W1$xDP1 Fondo Pastorale$y55$mP6 F 43$j112444$nBK-PRI$b $qFondi$B112444$CPULBib$Z2$F112444 $HPUL78842 $81 941 1 $a1 996 $6245$aQuattro catechesi su l'eucaristia$9(OLS)http://pul/title/114787 996 $6260$aBologna :$bDehoniane$9(OLS)http://pul/publisher/48655 LEADER 01345nam a2200325 a 4500 001 000000142282 003 CaOOAMICUS 005 20150316105530.0 008 150316s2014 it u000 u ita r 020 $z9788815253965* 040 $aPUL$bita 082 04$a270 100 1 $aBolgiani, Franco.$0(OLS)http://pul/name/10653 245 10$aCristianesimo e culture /$cFranco Bolgiani ; a cura di Francesco Traniello. 260 $aBologna :$bIl Mulino,$c©2014. 300 $a574 p. ;$c22 cm 490 1 $aCollana di studi della Fondazione Michele Pellegrino 504 $aBibliografia in nota. 650 4$aCristianesimo$xStoria.$0(OLS)http://pul/subject/269 700 1 $aBolgiani, Franco.$0(OLS)http://pul/name/10653 700 1 $aTraniello, Francesco.$0(OLS)http://pul/name/5614 830 0$aCollana di studi della Fondazione Michele Pellegrino.$0(OLS)http://pul/title/167919 850 $aPUL 852 $aPUL$W1$xSL Religione 3$y85$m270 BOLFR 1$j164166$qDDC 21$B164301$CPULBib$Z2$F164301 $H125554 $82 941 1 $a9 996 $6020$z9788815253965*$9(OLS)http://pul/number/157197 996 $6082$a270$9(OLS)http://pul/classification/472 996 $6245$aCristianesimo e culture$9(OLS)http://pul/title/180097 996 $6260$aBologna :$bIl Mulino$9(OLS)http://pul/publisher/47928